|
|
|
|
| LEADER |
00000cam a2200000 a 4500 |
| 001 |
vtls011578320 |
| 003 |
SK-MaSNL |
| 005 |
20260301220938.0 |
| 008 |
240318s2015 xo da c 000 0 slo |
| 015 |
|
|
|a SNBA2016/10
|
| 020 |
|
|
|a 9788097162924
|q (brož.)
|
| 035 |
|
|
|a 0A864E3E-BB69-48B3-8E8E-B24BE37AAE2F
|
| 035 |
|
|
|a urn:nbn:sk:snk-amth86
|
| 035 |
|
|
|a urn:nbn:sk:snk-am00bxew
|
| 040 |
|
|
|a SNK
|b slo
|c SNK
|e AACR2
|
| 041 |
0 |
|
|a slo
|
| 044 |
|
|
|a xo
|c SK
|
| 072 |
|
7 |
|a 51
|x Matematika
|2 konspekt
|
| 080 |
|
|
|a 51
|2 2011
|
| 080 |
|
|
|a (075.2)
|2 2011
|
| 080 |
|
|
|a (075.3)
|2 2011
|
| 080 |
|
|
|a (079.1)
|2 2011
|
| 080 |
|
|
|a (076.1)
|2 2011
|
| 100 |
1 |
|
|a Berová, Zuzana,
|d 1966-
|4 aut
|9 67320
|
| 245 |
1 |
0 |
|a Matematika
|b pre 9. ročník ZŠ a 4. ročník gymnázií s osemročným štúdiom : testovanie 9
|c Zuzana a Peter Bero ; [ilustrácie Mišo Uhrín]
|
| 246 |
3 |
0 |
|a Testovanie 9
|
| 250 |
|
|
|a 2. vyd.
|
| 260 |
|
|
|a Bratislava
|b LiberaTerra
|c 2015
|
| 300 |
|
|
|a 104 s.
|b grafy, ilustr., tab.
|c 30 cm
|
| 650 |
0 |
7 |
|a matematika
|2 SNKPH
|9 70174
|
| 650 |
0 |
7 |
|a Mathematics
|2 SNKPHeng
|9 265620
|
| 655 |
|
7 |
|a učebnice základných škôl
|2 SNKPH
|9 70187
|
| 655 |
|
7 |
|a Textbooks (elementary)
|2 SNKPHeng
|9 276977
|
| 655 |
|
7 |
|a Tests
|2 SNKPHeng
|9 303179
|
| 655 |
|
7 |
|a Activity books
|2 SNKPHeng
|9 302885
|
| 655 |
|
7 |
|a testy
|2 SNKPH
|9 70500
|
| 655 |
|
7 |
|a pracovné zošity
|2 SNKPH
|9 70188
|
| 655 |
|
7 |
|a učebnice stredných škôl
|2 SNKPH
|9 69323
|
| 655 |
|
7 |
|a Textbooks (secondary)
|2 SNKPHeng
|9 276359
|
| 700 |
1 |
|
|a Bero, Peter,
|d 1950-
|4 aut
|9 215146
|
| 700 |
1 |
|
|a Tinák Uhrín, Michal
|4 ill
|9 195539
|
| 852 |
|
|
|a Štátna vedecká knižnica v Banskej Bystrici
|
| 919 |
|
|
|a 978-80-971629-2-4
|
| 999 |
|
|
|c 933859
|d 935789
|
| 952 |
|
|
|a SNK
|b SNK
|y PREZ
|7 0
|p 17A1215356
|o snkSB 90650
|i snk2016/22425
|8 0
|0 0
|1 0
|4 0
|d 2016-09-27
|f 1
|l 0
|r 2025-05-13 00:00:00
|w 2026-02-24
|
| 952 |
|
|
|a SNK
|b SNK
|y VYP
|7 0
|p 17A1215357
|o snkSB 90650 D1
|i snk2016/22426
|8 0
|0 0
|1 0
|4 0
|d 2016-09-27
|l 0
|r 2026-02-24 08:56:28
|w 2026-02-24
|